Score 0/10 Timer 03:00
0 Plays Today
Gross Film % Correct
$1,067,969,703Toy Story 3
87.5%
$1,276,000,000Frozen
83.8%
$1,073,394,593Toy Story 4
80.4%
$1,437,340,195Frozen II
74.9%
$1,029,570,889Finding Dory
65.7%
$1,242,805,359Incredibles 2
65.5%
$1,657,713,458The Lion King (2019)
60.4%
$1,159,398,397Minions
54.2%
$1,035,799,409Despicable Me 3
49.5%
$1,024,784,195Zootopia
42.3%
Come Together.
Have Fun.
All Virtual.
We all need to come together. Play Sporcle's virtual live trivia to have fun, connect with people, and get your trivia on. Join a live hosted trivia game for your favorite pub trivia experience done virtually. If a virtual private party is more your thing, go here for details.

You're not logged in!

Compare scores with friends on all Sporcle quizzes.
OR
Log In

Sporcle TV

Today on Sporcle TV


Watch our educational content, quiz creation guides, and fun videos on Sporcle TV.

Show Comments

Extras

Top Quizzes Today


Score Distribution

Paid Content

Your Account Isn't Verified!

In order to create a playlist on Sporcle, you need to verify the email address you used during registration. Go to your Sporcle Settings to finish the process.

Report this User

Report this user for behavior that violates our Community Guidelines.

Details: